Guess the Taylor Swift song with no hints (3) - Statistics

General Stats
  • This quiz has been taken 44 times
  • The average score is 317 of 408
Answer Stats
Answer % Correct
i
100%
I
100%
“I
100%
a
97%
it
97%
love
97%
the
97%
You
97%
you
97%
you”
97%
And
94%
in
90%
In
90%
No
90%
of
90%
to
90%
your
90%
He
87%
my
87%
oh,
87%
Oh,
87%
oh
87%
(oh)
87%
So
87%
that
87%
baby
84%
But
84%
but
84%
don’t
84%
i’m
84%
I’m
84%
“i’m
84%
it’s
84%
It’s
84%
like
84%
me
84%
for
81%
just
81%
know
81%
not
81%
Said,
81%
said
81%
What
81%
what
81%
car
77%
cried
77%
ever
77%
night
77%
say
77%
up
77%
We’re
77%
back
74%
be
74%
devil
74%
Every
74%
fine”,
74%
got
74%
if
74%
looks
74%
thing
74%
with
74%
With
74%
worst
74%
ain’t
71%
bar
71%
body
71%
cruel
71%
drunk
71%
fate
71%
from
71%
garden
71%
gate
71%
heard ?
71%
heaven
71%
home
71%
i’ve
71%
keep
71%
new,
71%
out
71%
secrets
71%
shape
71%
summer
71%
through
71%
true
71%
wanna
71%
wasn’t
71%
blue,
68%
coming
68%
comming
68%
feeling
68%
screamed
68%
seal
68%
snuck
68%
that’s
68%
want
68%
whatever
68%
grinning
65%
last
65%
rules
65%
rules,
65%
worth
65%
you’ll
65%
bought
61%
boy
61%
breakable
61%
cool,
61%
doesn’t
61%
dream
61%
makes
61%
their
61%
toy
61%
waiting
61%
always
58%
angels
58%
Bad,
58%
bad
58%
below
58%
bleed,
58%
Devils
58%
dice,
58%
eyes
58%
glow
58%
kill
58%
low
58%
machine
58%
more
58%
ooh,
58%
quiet
58%
roll
58%
these
58%
times
58%
vending
58%
cut
55%
dying
55%
high
55%
Killing
55%
Shiny
55%
slow,
55%
trying
55%
we’ll
55%
window
55%
bone
52%
caught
52%
Fever
52%
head
52%
knife
52%
summer’s
52%
tell’em
52%
price
48%
screw
48%
Hang
45%
headlights,
45%
whoa,
42%
whoa,
26%
No matching quizzes found
Score Distribution
Percent of People with Each Score
Percentile by Number Answered
Your Score History
You have not taken this quiz